NFL teams with the most playoff appearances - Statistics

General Stats
  • This quiz has been taken 28 times
  • The average score is 10 of 11
Answer Stats
# of appearances Team % Correct
38 Green Bay Packers
100%
36 Dallas Cowboys
96%
32 Minnesota Vikings
96%
29 New England Patriots
96%
33 New York Giants
96%
36 Pittsburgh Steelers
96%
31 San Francisco 49ers
96%
34 Los Angeles Rams
89%
32 Philadelphia Eagles
89%
29 Indianapolis Colts
78%
30 Cleveland Browns
67%
No matching quizzes found
Score Distribution
Percent of People with Each Score
Percentile by Number Answered
Your Score History
You have not taken this quiz